000 00428nam a2200181Ia 4500
001 8117
005 20260306160545.0
008 260306t2010||||xx |||||||||||||| ||spa||
041 _aESP
082 _a370.112
_bD32
100 _aDawson, Christopher,
_eAUT
245 4 _aThe crisis of western education
260 _c2010
300 _a168 páginas :
_c22 cm.
650 _aGEN
654 _aCED
942 _cLIB
_dJUS
_fJUS
_2ddc
_n
999 _c8117
_d8117